[Event "1. Bundesliga 2015/2016"]
[Site "Jenbach"]
[Date "2016.03.31"]
[Round "9"]
[Board "2"]
[White "Kilgus, Georg"]
[Black "Skoberne, Jure"]
[Result "1/2-1/2"]
[WhiteElo "2410"]
[BlackElo "2564"]
[PlyCount "65"]
[EventDate "2015.11.05"]
[EventType "team"]
[EventRounds "11"]
[EventCountry "AUT"]
[WhiteTeam "Spk. Grieskirchen/Bad Schallerbach"]
[BlackTeam "SV Raika Rapid Feffernitz"]

1.d4 f5 2.Nc3 Nf6 3.Bg5 d5 4.Bxf6 exf6 5.e3 c6 6.Bd3 Bd6 7.Qf3 g6 8.h3 Na6 9.a3 Qe7
10.Nge2 Nc7 11.g4 fxg4 12.hxg4 O-O 13.Kd2 f5 14.gxf5 Bxf5 15.Qg2 b5 16.Rh6 Bxd3 17.cxd3
Rf7 18.Rah1 b4 19.axb4 Rb8 20.Kc2 Rbf8 21.Qh3 Rg7 22.f4 Bxb4 23.Qh4 Ne8 24.Qxe7 Rxe7
25.Nd1 Nf6 26.Rg1 Kg7 27.Rh3 Kf7 28.Rg5 Bd6 29.Ng1 h5 30.Nf3 Ng4 31.Ne5+ Bxe5 32.dxe5
c5 33.f5 1/2-1/2

[Event "1. Bundesliga 2015/2016"]
[Site "Jenbach"]
[Date "2016.03.31"]
[Round "9"]
[Board "3"]
[White "Diermair, Andreas"]
[Black "Schwabeneder, Florian"]
[Result "1-0"]
[WhiteElo "2478"]
[BlackElo "2371"]
[PlyCount "91"]
[EventDate "2015.11.05"]
[EventType "team"]
[EventRounds "11"]
[EventCountry "AUT"]
[WhiteTeam "SV Raika Rapid Feffernitz"]
[BlackTeam "Spk. Grieskirchen/Bad Schallerbach"]

1.Nf3 Nf6 2.c4 c5 3.Nc3 Nc6 4.d4 cxd4 5.Nxd4 e6 6.Bf4 d6 7.Ndb5 e5 8.Bg5 a6 9.Bxf6
gxf6 10.Na3 Be6 11.g3 f5 12.Bg2 h5 13.Qd2 h4 14.O-O-O h3 15.Bd5 Qb6 16.Rhf1 O-O-O
17.Kb1 Bh6 18.f4 Kb8 19.Nc2 Ne7 20.Rf3 Nxd5 21.Nxd5 Qc5 22.Nce3 Bg7 23.Qc2 e4 24.Rff1
Rc8 25.Qb3 Ka7 26.Rd2 Rhd8 27.Rfd1 Rd7 28.a3 Rb8 29.g4 b5 30.gxf5 bxc4 31.Qxc4 Qxa3
32.Qa2 Qxa2+ 33.Kxa2 Bxd5+ 34.Nxd5 e3 35.Rc2 Re8 36.f6 Bh6 37.Rdc1 Re4 38.Rc7+ Rxc7
39.Rxc7+ Kb8 40.Rxf7 Rd4 41.Nb6 Rxf4 42.Rh7 Bf8 43.Rxh3 Kb7 44.Nd7 Kc6 45.Nxf8 Rxf6
46.Nh7 1-0

[Event "1. Bundesliga 2015/2016"]
[Site "Jenbach"]
[Date "2016.03.31"]
[Round "9"]
[Board "4"]
[White "Singer, Christoph"]
[Black "Schreiner, Peter"]
[Result "1-0"]
[WhiteElo "2311"]
[BlackElo "2461"]
[PlyCount "71"]
[EventDate "2015.11.05"]
[EventType "team"]
[EventRounds "11"]
[EventCountry "AUT"]
[WhiteTeam "Spk. Grieskirchen/Bad Schallerbach"]
[BlackTeam "SV Raika Rapid Feffernitz"]

1.e4 e5 2.Nf3 Nc6 3.Bb5 a6 4.Ba4 Nf6 5.d3 b5 6.Bb3 Be7 7.O-O O-O 8.a4 b4 9.Nbd2 d6
10.Re1 Rb8 11.h3 Nd7 12.Bd5 Bb7 13.a5 Nc5 14.Nf1 Ne6 15.Ng3 Ncd4 16.Ba2 Nxf3+ 17.Qxf3
Nd4 18.Qd1 b3 19.Bxb3 Nxb3 20.cxb3 Bc8 21.Bd2 c5 22.b4 cxb4 23.Qf3 g6 24.Bh6 Re8 25.Rec1
Bb7 26.Nf5 Bf6 27.Ne3 Qe7 28.Rc7 Qe6 29.Rac1 Bd8 30.Ng4 f5 31.Rg7+ Kh8 32.Ne3 Bf6
33.Rgc7 Rbc8 34.exf5 Bxf3 35.fxe6 Bb7 36.Ng4 1-0

[Event "1. Bundesliga 2015/2016"]
[Site "Jenbach"]
[Date "2016.03.31"]
[Round "9"]
[Board "5"]
[White "Sebenik, Matej"]
[Black "Lentrodt, Thomas"]
[Result "1-0"]
[WhiteElo "2527"]
[BlackElo "2263"]
[PlyCount "89"]
[EventDate "2015.11.05"]
[EventType "team"]
[EventRounds "11"]
[EventCountry "AUT"]
[WhiteTeam "SV Raika Rapid Feffernitz"]
[BlackTeam "Spk. Grieskirchen/Bad Schallerbach"]

1.d4 Nf6 2.c4 e6 3.Nf3 Bb4+ 4.Nbd2 b6 5.a3 Bxd2+ 6.Qxd2 Bb7 7.e3 O-O 8.Be2 d6 9.O-O
Nbd7 10.b4 Ne4 11.Qc2 f5 12.Bb2 Ng5 13.d5 Nxf3+ 14.Bxf3 e5 15.Be2 f4 16.exf4 exf4
17.Bg4 Bc8 18.Be6+ Kh8 19.Rae1 Qg5 20.f3 Re8 21.Qa4 Qd8 22.Re4 Ne5 23.Bxc8 Rxc8 24.Rfe1
Qg5 25.Bxe5 dxe5 26.Qxa7 h6 27.Qa4 Re7 28.Qb3 Qf6 29.Qc3 Rce8 30.h3 Qd6 31.Rd1 c5
32.Rde1 Kg8 33.Kh2 Kf7 34.bxc5 bxc5 35.Rb1 Ra8 36.Rb5 g5 37.Qb2 Ra6 38.a4 h5 39.Rb7
Kf6 40.a5 Rxb7 41.Qxb7 Rxa5 42.Qh7 Qf8 43.Qc7 Ra6 44.Rxe5 g4 45.Re6+ 1-0

[Event "1. Bundesliga 2015/2016"]
[Site "Jenbach"]
[Date "2016.03.31"]
[Round "9"]
[Board "6"]
[White "Schwabeneder, Alois"]
[Black "Pacher, Simon"]
[Result "1-0"]
[WhiteElo "1995"]
[BlackElo "2051"]
[PlyCount "81"]
[EventDate "2015.11.05"]
[EventType "team"]
[EventRounds "11"]
[EventCountry "AUT"]
[WhiteTeam "Spk. Grieskirchen/Bad Schallerbach"]
[BlackTeam "SV Raika Rapid Feffernitz"]

1.Nf3 Nf6 2.c4 e6 3.b3 Be7 4.Bb2 O-O 5.e3 c5 6.Be2 d5 7.O-O Nc6 8.d4 Ne4 9.Nbd2 f5
10.dxc5 Nxc5 11.a3 Bf6 12.Qc2 d4 13.exd4 Nxd4 14.Nxd4 Bxd4 15.Rad1 Bxb2 16.Qxb2 Qf6
17.Qxf6 gxf6 18.Bf3 a5 19.b4 axb4 20.axb4 Nd3 21.b5 Ne5 22.Be2 Ra2 23.f4 Rd8 24.Nb3
Nf7 25.Rxd8+ Nxd8 26.Rd1 Nf7 27.Kf1 Kf8 28.Nc5 Ke7 29.Nb3 Rb2 30.Nd4 e5 31.Nf3 b6
32.Ra1 Kd6 33.Ra7 Be6 34.Rb7 Kc5 35.Rc7+ Kb4 36.Re7 Nd8 37.fxe5 fxe5 38.Nxe5 Rd2 39.Nc6+
Nxc6 40.bxc6 Rd6 41.c7 1-0

[Event "1. Bundesliga 2015/2016"]
[Site "Jenbach"]
[Date "2016.04.01"]
[Round "10"]
[Board "1"]
[White "Poetsch, Hagen"]
[Black "Haba, Petr"]
[Result "1/2-1/2"]
[WhiteElo "2521"]
[BlackElo "2481"]
[PlyCount "78"]
[EventDate "2015.11.05"]
[EventType "team"]
[EventRounds "11"]
[EventCountry "AUT"]
[WhiteTeam "ASVOE Wulkaprodersdorf"]
[BlackTeam "Spk. Grieskirchen/Bad Schallerbach"]

1.e4 e5 2.Nf3 Nf6 3.Nc3 Nc6 4.Bb5 Bb4 5.O-O O-O 6.d3 Bxc3 7.bxc3 d6 8.Bg5 Qe7 9.Re1
Nd8 10.d4 Ne6 11.Bc1 c5 12.a4 Rd8 13.d5 Nf8 14.Nd2 Ng4 15.f3 Nh6 16.Nf1 f5 17.Bxh6
gxh6 18.exf5 Bxf5 19.f4 Ng6 20.Ng3 Rf8 21.Nxf5 Rxf5 22.g3 Qg7 23.Qg4 Rf6 24.Bd3 h5
25.Qg5 exf4 26.Re6 Raf8 27.Rf1 f3 28.Qxh5 Ne5 29.Rxf6 Rxf6 30.Bf5 Kf8 31.Be4 Qf7 32.Qxf7+
Rxf7 33.h3 h5 34.Kf2 h4 35.g4 Kg7 36.g5 Nc4 37.Bd3 Ne5 38.Be4 Nc4 39.Bd3 Ne5 1/2-1/2

[Event "1. Bundesliga 2015/2016"]
[Site "Jenbach"]
[Date "2016.04.01"]
[Round "10"]
[Board "2"]
[White "Kilgus, Georg"]
[Black "Schneider, Ilja"]
[Result "1/2-1/2"]
[WhiteElo "2410"]
[BlackElo "2505"]
[PlyCount "51"]
[EventDate "2015.11.05"]
[EventType "team"]
[EventRounds "11"]
[EventCountry "AUT"]
[WhiteTeam "Spk. Grieskirchen/Bad Schallerbach"]
[BlackTeam "ASVOE Wulkaprodersdorf"]

1.d4 d5 2.c4 c6 3.Nf3 Nf6 4.Nc3 a6 5.c5 Nbd7 6.Bf4 Nh5 7.Bd2 Nhf6 8.Bf4 Nh5 9.Bd2
Nhf6 10.Qc2 g6 11.Bg5 Bg7 12.e3 h6 13.Bh4 g5 14.Bg3 Nh5 15.O-O-O g4 16.Nh4 e6 17.Be2
Nxg3 18.hxg3 h5 19.Na4 Rb8 20.Rd3 Qf6 21.f4 Qd8 22.Rb3 Qa5 23.Ra3 Qc7 24.Rb3 Qa5 25.Ra3
Qc7 26.Rb3 1/2-1/2

[Event "1. Bundesliga 2015/2016"]
[Site "Jenbach"]
[Date "2016.04.01"]
[Round "10"]
[Board "3"]
[White "Maksimenko, Andrei"]
[Black "Schwabeneder, Florian"]
[Result "1/2-1/2"]
[WhiteElo "2478"]
[BlackElo "2371"]
[PlyCount "149"]
[EventDate "2015.11.05"]
[EventType "team"]
[EventRounds "11"]
[EventCountry "AUT"]
[WhiteTeam "ASVOE Wulkaprodersdorf"]
[BlackTeam "Spk. Grieskirchen/Bad Schallerbach"]

1.d4 Nf6 2.Nf3 c5 3.c3 d5 4.Bf4 e6 5.e3 Nc6 6.Nbd2 Bd6 7.Bg3 O-O 8.Bd3 b6 9.Qe2 Bb7
10.Rd1 cxd4 11.exd4 Ne7 12.O-O Nf5 13.Be5 Be7 14.Ne1 Nd7 15.Bf4 Bd6 16.Bxd6 Nxd6 17.Nc2
Nf6 18.Rfe1 Bc6 19.Nf3 Ba4 20.Ne5 Rc8 21.Rc1 Qe8 22.b3 Bc6 23.c4 dxc4 24.bxc4 Bb7
25.Ne3 Be4 26.c5 Bxd3 27.Qxd3 bxc5 28.dxc5 Nde4 29.c6 Qe7 30.Red1 h6 31.N3c4 Rfd8
32.Qe3 Rd5 33.f3 Ng5 34.Rb1 Rxd1+ 35.Rxd1 Nd5 36.Qe2 f6 37.Ng6 Qc5+ 38.Qf2 Qxc4 39.Rxd5
exd5 40.Ne7+ Kf8 41.Nxc8 Qxc6 42.h4 Qxc8 43.hxg5 Qc1+ 44.Kh2 Qc7+ 45.g3 hxg5 46.Qe2
Qd7 47.Qd3 Kf7 48.Kg2 Qc6 49.Qa3 a6 50.g4 d4 51.Qd3 Qd5 52.Qxa6 d3 53.Qa7+ Kg6 54.Qa4
d2 55.Qe8+ Qf7 56.Qe4+ Kh6 57.Qc2 Qd7 58.Qd1 g6 59.a4 Qd5 60.Kf2 f5 61.Ke2 Kg7 62.gxf5
gxf5 63.Qxd2 Qc4+ 64.Kf2 Kg6 65.a5 Qc5+ 66.Kg2 Qa3 67.Qd5 g4 68.fxg4 fxg4 69.Kf2 Kf6
70.Qc6+ Kf5 71.Qd7+ Kf4 72.Qf7+ Kg5 73.Qd5+ Kf4 74.Qd2+ Kf5 75.Qd5+ 1/2-1/2

[Event "1. Bundesliga 2015/2016"]
[Site "Jenbach"]
[Date "2016.04.01"]
[Round "10"]
[Board "4"]
[White "Singer, Christoph"]
[Black "Volkmann, Friedrich Karl"]
[Result "1-0"]
[WhiteElo "2311"]
[BlackElo "2433"]
[PlyCount "59"]
[EventDate "2015.11.05"]
[EventType "team"]
[EventRounds "11"]
[EventCountry "AUT"]
[WhiteTeam "Spk. Grieskirchen/Bad Schallerbach"]
[BlackTeam "ASVOE Wulkaprodersdorf"]

1.e4 c5 2.Nf3 e6 3.c3 Nf6 4.e5 Nd5 5.d4 cxd4 6.cxd4 d6 7.Bc4 Be7 8.O-O O-O 9.Nc3 Nxc3
10.bxc3 Qc7 11.exd6 Bxd6 12.Qd3 Nd7 13.Bb3 Re8 14.Re1 b6 15.Ba4 Rd8 16.Bg5 Nf6 17.Bc2
Bb7 18.Bxf6 gxf6 19.Qxh7+ Kf8 20.Qh6+ Ke7 21.Rxe6+ Kxe6 22.Re1+ Kd7 23.Qh3+ Kc6 24.Be4+
Kb5 25.Qf5+ Ka4 26.Rb1 Qd7 27.Bc2+ Ka3 28.Qd3 Kxa2 29.Qc4+ Ka3 30.Qb3# 1-0

[Event "1. Bundesliga 2015/2016"]
[Site "Jenbach"]
[Date "2016.04.01"]
[Round "10"]
[Board "5"]
[White "Mesaros, Florian"]
[Black "Lentrodt, Thomas"]
[Result "1-0"]
[WhiteElo "2307"]
[BlackElo "2263"]
[PlyCount "103"]
[EventDate "2015.11.05"]
[EventType "team"]
[EventRounds "11"]
[EventCountry "AUT"]
[WhiteTeam "ASVOE Wulkaprodersdorf"]
[BlackTeam "Spk. Grieskirchen/Bad Schallerbach"]

1.Nf3 Nf6 2.c4 e6 3.g3 d5 4.d4 Be7 5.Bg2 O-O 6.O-O dxc4 7.Qc2 a6 8.a4 c5 9.dxc5 Qa5
10.Nbd2 Qxc5 11.Nxc4 Nd5 12.e4 Nb4 13.Qe2 N8c6 14.Be3 Qh5 15.h3 f6 16.g4 Qf7 17.e5
Nd5 18.Nb6 Rb8 19.Nxd5 exd5 20.exf6 Bxf6 21.Rad1 Be6 22.Nd4 Nxd4 23.Bxd4 Rbd8 24.Qd2
Qc7 25.Qe3 Qd7 26.Rfe1 Bxd4 27.Rxd4 Bf7 28.Red1 Rfe8 29.Qd2 Qc6 30.Rxd5 Bxd5 31.Bxd5+
Rxd5 32.Qxd5+ Qxd5 33.Rxd5 Re7 34.Rd6 Kf7 35.Rb6 Ke8 36.Kg2 Kd8 37.Kg3 Kc7 38.a5 Re4
39.h4 Re5 40.b4 Kc8 41.h5 h6 42.f4 Re7 43.g5 hxg5 44.fxg5 Kd8 45.Kf4 Ke8 46.Kf5 Kf7
47.Rd6 Rc7 48.Ke5 Re7+ 49.Kd5 Rc7 50.Rd8 Ke7 51.Rb8 Rd7+ 52.Kc5 1-0

[Event "1. Bundesliga 2015/2016"]
[Site "Jenbach"]
[Date "2016.04.01"]
[Round "10"]
[Board "6"]
[White "Schwabeneder, Alois"]
[Black "Wallner, Joachim"]
[Result "0-1"]
[WhiteElo "1995"]
[BlackElo "2311"]
[PlyCount "64"]
[EventDate "2015.11.05"]
[EventType "team"]
[EventRounds "11"]
[EventCountry "AUT"]
[WhiteTeam "Spk. Grieskirchen/Bad Schallerbach"]
[BlackTeam "ASVOE Wulkaprodersdorf"]

1.Nf3 d5 2.c4 c6 3.e3 Nf6 4.Qc2 a6 5.Be2 Bg4 6.O-O e6 7.b3 Bd6 8.Bb2 Nbd7 9.d3 e5
10.Nbd2 O-O 11.Rac1 Re8 12.cxd5 cxd5 13.e4 Nb6 14.Rfd1 Nh5 15.Nd4 Qg5 16.Bxg4 Qxg4
17.f3 Qg5 18.Nf5 Rac8 19.Qb1 Nf4 20.g3 Bc5+ 21.d4 exd4 22.h4 Qg6 23.Kh2 Ne2 24.Rxc5
Rxc5 25.Qd3 Nc3 26.Rc1 dxe4 27.Ne7+ Rxe7 28.Qxd4 Rd7 29.Qxc5 Rxd2+ 30.Kh3 Qe6+ 31.g4
Ncd5 32.Ba3 h5 0-1

[Event "1. Bundesliga 2015/2016"]
[Site "Jenbach"]
[Date "2016.04.01"]
[Round "10"]
[Board "1"]
[White "Bindrich, Falko"]
[Black "Lenic, Luka"]
[Result "1/2-1/2"]
[WhiteElo "2574"]
[BlackElo "2628"]
[PlyCount "60"]
[EventDate "2015.11.05"]
[EventType "team"]
[EventRounds "11"]
[EventCountry "AUT"]
[WhiteTeam "SK Hohenems"]
[BlackTeam "SV Raika Rapid Feffernitz"]

1.d4 Nf6 2.c4 e6 3.Nc3 Bb4 4.Qc2 d5 5.cxd5 exd5 6.Bg5 c5 7.dxc5 h6 8.Bh4 O-O 9.e3
Be6 10.a3 Bxc3+ 11.Qxc3 g5 12.Bg3 Ne4 13.Qc2 Nd7 14.f3 Nexc5 15.Ne2 Rc8 16.Nd4 Ne4
17.Qd1 Nxg3 18.hxg3 Qf6 19.Be2 Ne5 20.O-O Nc6 21.Rc1 Nxd4 22.Qxd4 Qxd4 23.exd4 Rxc1
24.Rxc1 Rc8 25.Rxc8+ Bxc8 26.Kf2 Kf8 27.Bd3 Ke7 28.f4 Bd7 29.Ke3 Kd6 30.Kd2 Bc8 1/2-1/2

[Event "1. Bundesliga 2015/2016"]
[Site "Jenbach"]
[Date "2016.04.01"]
[Round "10"]
[Board "2"]
[White "Skoberne, Jure"]
[Black "Martinovic, Sasa"]
[Result "1-0"]
[WhiteElo "2564"]
[BlackElo "2539"]
[PlyCount "55"]
[EventDate "2015.11.05"]
[EventType "team"]
[EventRounds "11"]
[EventCountry "AUT"]
[WhiteTeam "SV Raika Rapid Feffernitz"]
[BlackTeam "SK Hohenems"]

1.f4 d5 2.Nf3 g6 3.g3 Bg7 4.Bg2 c6 5.Nc3 Nh6 6.O-O Nf5 7.e4 Qb6+ 8.Rf2 dxe4 9.Nxe4
O-O 10.c3 Rd8 11.Qe2 Na6 12.Ne5 Nd6 13.d4 Bf5 14.Ng5 f6 15.g4 Bc8 16.Nc4 Qb5 17.Ne6
Bxe6 18.Qxe6+ Nf7 19.a4 Qb3 20.Ra3 Qd1+ 21.Rf1 Qd3 22.Na5 Nc7 23.Qxe7 Nd5 24.Qxb7
Re8 25.Nxc6 Nb6 26.Nb4 Qb1 27.Ra2 Re2 28.Bd2 1-0

[Event "1. Bundesliga 2015/2016"]
[Site "Jenbach"]
[Date "2016.04.01"]
[Round "10"]
[Board "3"]
[White "Breder, Dennis"]
[Black "Diermair, Andreas"]
[Result "1/2-1/2"]
[WhiteElo "2474"]
[BlackElo "2478"]
[PlyCount "95"]
[EventDate "2015.11.05"]
[EventType "team"]
[EventRounds "11"]
[EventCountry "AUT"]
[WhiteTeam "SK Hohenems"]
[BlackTeam "SV Raika Rapid Feffernitz"]

1.e4 e5 2.Nf3 Nc6 3.Bb5 a6 4.Bxc6 dxc6 5.O-O Be7 6.d3 Bf6 7.Nbd2 Ne7 8.d4 Ng6 9.dxe5
Nxe5 10.Nxe5 Bxe5 11.Nc4 Bf6 12.Qxd8+ Bxd8 13.Na5 c5 14.Bf4 b6 15.Nc4 Be6 16.Ne3 Kd7
17.Be5 f6 18.Bg3 Re8 19.a4 Kc6 20.Rfd1 g6 21.f3 Bf7 22.Bh4 h5 23.h3 Be7 24.g4 hxg4
25.hxg4 c4 26.Nd5 Bc5+ 27.Bf2 f5 28.Bxc5 bxc5 29.Nf6 Re6 30.g5 fxe4 31.Nxe4 Rb8 32.Rab1
Re5 33.Kf2 Bd5 34.Nc3 Rxg5 35.Rg1 Rxg1 36.Rxg1 Bf7 37.Rb1 Be6 38.Ke3 Bf5 39.Ne4 Rb4
40.Kd2 Rxa4 41.Kc3 Rb4 42.Nd2 Rb8 43.Re1 Rh8 44.Nxc4 Rh2 45.Nd2 Rf2 46.Re5 a5 47.b3
Kb5 48.Re7 1/2-1/2

[Event "1. Bundesliga 2015/2016"]
[Site "Jenbach"]
[Date "2016.04.01"]
[Round "10"]
[Board "4"]
[White "Schreiner, Peter"]
[Black "Atlas, Valery"]
[Result "1/2-1/2"]
[WhiteElo "2461"]
[BlackElo "2453"]
[PlyCount "45"]
[EventDate "2015.11.05"]
[EventType "team"]
[EventRounds "11"]
[EventCountry "AUT"]
[WhiteTeam "SV Raika Rapid Feffernitz"]
[BlackTeam "SK Hohenems"]

1.d4 Nf6 2.c4 c5 3.d5 e5 4.Nc3 d6 5.e4 Nbd7 6.g3 Be7 7.Nf3 O-O 8.Bg2 b5 9.cxb5 a6
10.b6 Nxb6 11.O-O Rb8 12.Nd2 Ne8 13.Rb1 g6 14.a3 f5 15.exf5 gxf5 16.b4 cxb4 17.axb4
Bf6 18.Nb3 Nc4 19.Qe2 Rxb4 20.Na2 Ra4 21.Nc3 Rb4 22.Na2 Ra4 23.Nc3 1/2-1/2

[Event "1. Bundesliga 2015/2016"]
[Site "Jenbach"]
[Date "2016.04.01"]
[Round "10"]
[Board "5"]
[White "Froewis, Georg"]
[Black "Sebenik, Matej"]
[Result "0-1"]
[WhiteElo "2452"]
[BlackElo "2527"]
[PlyCount "72"]
[EventDate "2015.11.05"]
[EventType "team"]
[EventRounds "11"]
[EventCountry "AUT"]
[WhiteTeam "SK Hohenems"]
[BlackTeam "SV Raika Rapid Feffernitz"]

1.Nf3 Nf6 2.b3 d5 3.Bb2 e6 4.e3 c5 5.c4 Nc6 6.cxd5 exd5 7.Bb5 Be7 8.O-O O-O 9.d4 Bg4
10.dxc5 Bxc5 11.Nbd2 Rc8 12.Rc1 Bb6 13.Bxc6 bxc6 14.Qc2 Re8 15.Ne5 Qd6 16.Ndf3 Bxf3
17.Nxf3 Ne4 18.Nd4 f6 19.Qe2 c5 20.Nf5 Qe6 21.Qg4 g6 22.Nh6+ Kg7 23.Qh4 c4 24.bxc4
dxc4 25.Bd4 Bxd4 26.exd4 f5 27.Rb1 Qe7 28.Qf4 c3 29.f3 c2 30.Rbc1 Nf6 31.Nxf5+ gxf5
32.Qg5+ Kf7 33.Qxf5 Qe6 34.Qb5 Qe3+ 35.Kh1 Qxd4 36.Qb3+ Qc4 0-1

[Event "1. Bundesliga 2015/2016"]
[Site "Jenbach"]
[Date "2016.04.01"]
[Round "10"]
[Board "6"]
[White "Pacher, Simon"]
[Black "Burschowsky, Matthias"]
[Result "1-0"]
[WhiteElo "2051"]
[BlackElo "2220"]
[PlyCount "107"]
[EventDate "2015.11.05"]
[EventType "team"]
[EventRounds "11"]
[EventCountry "AUT"]
[WhiteTeam "SV Raika Rapid Feffernitz"]
[BlackTeam "SK Hohenems"]

1.e4 c5 2.Nf3 e6 3.c3 d5 4.exd5 Qxd5 5.d4 Nf6 6.Na3 cxd4 7.Nb5 Na6 8.Nbxd4 Nc7 9.Bf4
Qe4+ 10.Be3 Bd7 11.Bd3 Qd5 12.O-O Bd6 13.Bg5 h6 14.Bxf6 gxf6 15.Re1 O-O-O 16.Be4 Qa5
17.b4 Qa4 18.Bc2 Qa3 19.Bb3 Bc6 20.Qe2 Bd5 21.Nc2 Qa6 22.c4 Bxf3 23.Qxf3 Be5 24.Rad1
Qc6 25.Qe3 Kb8 26.Rxd8+ Rxd8 27.Qxh6 Bc3 28.Rf1 f5 29.Qh5 Rg8 30.g3 Qe8 31.Qf3 Bf6
32.Rd1 Rg4 33.Ne3 Rd4 34.Ng2 Re4 35.Nf4 Qc6 36.Qd3 a6 37.a4 Ka7 38.Qc2 Bg5 39.Nd3
Rd4 40.Ne5 Rxd1+ 41.Qxd1 Qe4 42.Nxf7 Be7 43.b5 axb5 44.axb5 Ne8 45.Qa1+ Kb6 46.Qe5
Qb1+ 47.Kg2 Nc7 48.Nd6 Ka5 49.b6+ Nd5 50.cxd5 Qxb3 51.dxe6+ Ka6 52.Nc8 f4 53.Qe2+
Ka5 54.Nxe7 1-0

[Event "1. Bundesliga 2015/2016"]
[Site "Jenbach"]
[Date "2016.04.01"]
[Round "10"]
[Board "1"]
[White "Bromberger, Stefan"]
[Black "Nisipeanu, Liviu-Dieter"]
[Result "1/2-1/2"]
[WhiteElo "2531"]
[BlackElo "2667"]
[PlyCount "60"]
[EventDate "2015.11.05"]
[EventType "team"]
[EventRounds "11"]
[EventCountry "AUT"]
[WhiteTeam "SIR Royal Salzburg"]
[BlackTeam "Schachklub Sparkasse Jenbach"]

1.e4 e6 2.d4 d5 3.Nc3 Nf6 4.e5 Nfd7 5.f4 c5 6.Nf3 Be7 7.Be3 b6 8.Qd2 O-O 9.Nd1 Ba6
10.c3 Bxf1 11.Rxf1 Nc6 12.Kf2 b5 13.Kg1 b4 14.Bf2 bxc3 15.bxc3 Qa5 16.Qd3 Rab8 17.f5
Qb5 18.Qd2 exf5 19.Ne3 cxd4 20.Nxf5 dxc3 21.Qxc3 Bb4 22.Qe3 Ne7 23.Nxg7 Kxg7 24.Nd4
Qa6 25.e6 fxe6 26.Nxe6+ Kg8 27.Qg5+ Ng6 28.Nxf8 Ndxf8 29.Qxd5+ Qe6 30.Qxe6+ Nxe6 1/2-1/2

[Event "1. Bundesliga 2015/2016"]
[Site "Jenbach"]
[Date "2016.04.01"]
[Round "10"]
[Board "2"]
[White "Schlosser, Philipp"]
[Black "Kunin, Vitaly"]
[Result "1/2-1/2"]
[WhiteElo "2551"]
[BlackElo "2592"]
[PlyCount "58"]
[EventDate "2015.11.05"]
[EventType "team"]
[EventRounds "11"]
[EventCountry "AUT"]
[WhiteTeam "Schachklub Sparkasse Jenbach"]
[BlackTeam "SIR Royal Salzburg"]

1.c4 e5 2.g3 Nc6 3.Bg2 Bc5 4.Nc3 d6 5.e3 a6 6.b3 Ba7 7.Bb2 Nge7 8.d3 Bf5 9.Qd2 Qd7
10.h3 O-O 11.Nge2 Rab8 12.Rc1 b5 13.Nd5 bxc4 14.dxc4 Bc5 15.g4 Be6 16.f4 exf4 17.Ndxf4
f6 18.O-O Bf7 19.Nc3 Ba7 20.Kh1 Ne5 21.Ne4 Rbd8 22.Bd4 Bb8 23.Ng3 c6 24.Bb6 Rde8 25.Rfd1
N5g6 26.Bc5 Rd8 27.Bb6 Rde8 28.Bc5 Rd8 29.Bb6 Rde8 1/2-1/2

[Event "1. Bundesliga 2015/2016"]
[Site "Jenbach"]
[Date "2016.04.01"]
[Round "10"]
[Board "3"]
[White "Mons, Leon"]
[Black "Shengelia, David"]
[Result "1/2-1/2"]
[WhiteElo "2461"]
[BlackElo "2566"]
[PlyCount "142"]
[EventDate "2015.11.05"]
[EventType "team"]
[EventRounds "11"]
[EventCountry "AUT"]
[WhiteTeam "SIR Royal Salzburg"]
[BlackTeam "Schachklub Sparkasse Jenbach"]

1.e4 c6 2.Nf3 d5 3.Nc3 Bg4 4.h3 Bh5 5.d4 e6 6.Bd3 Nf6 7.e5 Nfd7 8.g4 Bg6 9.Bxg6 hxg6
10.Ne2 c5 11.c3 Nc6 12.Kf1 Be7 13.Kg2 g5 14.Qd3 cxd4 15.cxd4 Nb4 16.Qb3 a5 17.Nc3
Nb6 18.Na4 Nxa4 19.Qxa4+ Nc6 20.Bd2 Qb6 21.b4 Bxb4 22.Bxg5 O-O 23.a3 Be7 24.Bxe7 Nxe7
25.Rab1 Qc7 26.Qb5 Rab8 27.Qb6 Qc2 28.Rhc1 Qe4 29.Re1 Qf4 30.Qb3 Rfc8 31.Qe3 Qxe3
32.Rxe3 a4 33.Re2 Nc6 34.Rb5 Kf8 35.Rd2 Ke7 36.Ne1 Rc7 37.f4 b6 38.Rdb2 Nxd4 39.Rxb6
Rxb6 40.Rxb6 f6 41.exf6+ gxf6 42.Rb4 Nc2 43.Nxc2 Rxc2+ 44.Kf1 Rc3 45.Rxa4 Rxh3 46.Ra7+
Kd6 47.Ra6+ Kd7 48.Ra7+ Ke8 49.Ra8+ Kf7 50.Ra7+ Kg6 51.Ra6 Rf3+ 52.Ke2 Rxf4 53.Rxe6
Rxg4 54.Rd6 d4 55.Kd3 Rg3+ 56.Ke2 Re3+ 57.Kd2 Re4 58.Kd3 Re3+ 59.Kd2 Kg5 60.Rxd4 Re8
61.Rd3 f5 62.Re3 Rb8 63.Ke2 Kg4 64.Rc3 f4 65.Kf2 Rb1 66.Kg2 Ra1 67.Rb3 Rc1 68.Kf2
Ra1 69.Kg2 f3+ 70.Rxf3 Ra2+ 71.Rf2 Rxa3 1/2-1/2

[Event "1. Bundesliga 2015/2016"]
[Site "Jenbach"]
[Date "2016.04.01"]
[Round "10"]
[Board "4"]
[White "Boensch, Uwe"]
[Black "Prusikin, Michael"]
[Result "1/2-1/2"]
[WhiteElo "2553"]
[BlackElo "2523"]
[PlyCount "62"]
[EventDate "2015.11.05"]
[EventType "team"]
[EventRounds "11"]
[EventCountry "AUT"]
[WhiteTeam "Schachklub Sparkasse Jenbach"]
[BlackTeam "SIR Royal Salzburg"]

1.d4 Nf6 2.c4 e6 3.Nc3 Bb4 4.Qc2 O-O 5.a3 Bxc3+ 6.Qxc3 b5 7.e3 bxc4 8.Bxc4 Ne4 9.Qc2
d5 10.Bd3 Ba6 11.Ne2 Bxd3 12.Qxd3 c5 13.O-O c4 14.Qc2 Nc6 15.f3 Nd6 16.Bd2 Rb8 17.Bc3
Qg5 18.Nf4 Rb3 19.a4 Rfb8 20.Rfd1 Ne7 21.Qe2 Ndf5 22.g3 Ng6 23.Ng2 Nfe7 24.e4 Nc6
25.f4 Qd8 26.f5 Nf8 27.Nf4 Nb4 28.Rd2 dxe4 29.fxe6 Nxe6 30.Nxe6 fxe6 31.Qxe4 Qd5 1/2-1/2

[Event "1. Bundesliga 2015/2016"]
[Site "Jenbach"]
[Date "2016.04.01"]
[Round "10"]
[Board "5"]
[White "Seyb, Alexander"]
[Black "Lehner, Oliver"]
[Result "0-1"]
[WhiteElo "2417"]
[BlackElo "2408"]
[PlyCount "110"]
[EventDate "2015.11.05"]
[EventType "team"]
[EventRounds "11"]
[EventCountry "AUT"]
[WhiteTeam "SIR Royal Salzburg"]
[BlackTeam "Schachklub Sparkasse Jenbach"]

1.e4 e5 2.Nf3 Nc6 3.Bb5 a6 4.Ba4 Nf6 5.O-O Be7 6.Re1 b5 7.Bb3 d6 8.c3 O-O 9.h3 h6
10.d4 Re8 11.a3 Bf8 12.Nbd2 Bb7 13.Bc2 Nb8 14.b4 Nbd7 15.dxe5 Nxe5 16.Nxe5 dxe5 17.Qe2
c5 18.Nb3 c4 19.Na5 Bc8 20.a4 Qc7 21.Be3 Be6 22.Kh2 Be7 23.g3 Qc8 24.Qf1 Nh7 25.f4
exf4 26.gxf4 Qc7 27.Qg2 Bh4 28.Rg1 g6 29.e5 Ng5 30.Bd4 Bxh3 31.Qe2 Ne6 32.Be3 Bg5
33.Kxh3 Bxf4 34.Bd4 Qd7 35.Kg2 Nxd4 36.cxd4 Qxd4 37.Nc6 Qc3 38.Ra2 Bxe5 39.Be4 Bg7
40.Qf3 Rac8 41.Bd5 Qxf3+ 42.Kxf3 Kh7 43.axb5 axb5 44.Ra5 Rc7 45.Rxb5 c3 46.Rc5 f5
47.Rb1 g5 48.Rc4 g4+ 49.Kg3 Re2 50.Rf1 Rxc6 51.Bxc6 Be5+ 52.Rff4 c2 53.Bd7 Bxf4+ 54.Kxf4
Re4+ 55.Rxe4 fxe4 0-1

[Event "1. Bundesliga 2015/2016"]
[Site "Jenbach"]
[Date "2016.04.01"]
[Round "10"]
[Board "6"]
[White "Reich, Thomas"]
[Black "Hilverda, Alexander"]
[Result "0-1"]
[WhiteElo "2376"]
[BlackElo "2378"]
[PlyCount "106"]
[EventDate "2015.11.05"]
[EventType "team"]
[EventRounds "11"]
[EventCountry "AUT"]
[WhiteTeam "Schachklub Sparkasse Jenbach"]
[BlackTeam "SIR Royal Salzburg"]

1.d4 d5 2.Nf3 Nf6 3.c4 c6 4.Nbd2 Bf5 5.Nh4 Be6 6.e3 g6 7.Be2 Bg7 8.O-O O-O 9.Nhf3
h6 10.Qb3 Qc7 11.Ne5 Nbd7 12.Nxd7 Nxd7 13.Nf3 dxc4 14.Bxc4 Bxc4 15.Qxc4 e5 16.Qc2
exd4 17.Nxd4 c5 18.Nf3 b5 19.Bd2 Rfc8 20.Bc3 Bxc3 21.Qxc3 b4 22.Qd2 Ne5 23.Nxe5 Qxe5
24.Rad1 a5 25.f4 Qe6 26.f5 gxf5 27.Qc2 Qxe3+ 28.Kh1 Qe4 29.Rd3 Kh7 30.Qd2 Ra6 31.Re3
Qd4 32.Rd3 Qe4 33.Rf4 Qe6 34.Rd5 Re8 35.h4 Qe1+ 36.Qxe1 Rxe1+ 37.Kh2 Re2 38.h5 Rxb2
39.Rdxf5 Ra7 40.Rxc5 Rxa2 41.Rb5 Ra3 42.Rb8 Rd3 43.Re4 Rd5 44.g4 Rd3 45.Rc8 b3 46.Ree8
a4 47.g5 hxg5 48.Rh8+ Kg7 49.h6+ Kg6 50.Rcg8+ Kf6 51.h7 Rd4 52.Rxg5 Rh4+ 53.Kg3 Rxh7 0-1